No limits : (Record no. 5567)
[ view plain ]
| 000 -LEADER | |
|---|---|
| fixed length control field | 02311cam a2200253 4500 |
| 001 - CONTROL NUMBER | |
| control field | 6617 |
| 010 ## - LIBRARY OF CONGRESS CONTROL NUMBER | |
| LC control number | 2013332791 |
| 020 ## - INTERNATIONAL STANDARD BOOK NUMBER | |
| International Standard Book Number | 019808398X |
| Qualifying information | hardback |
| International Standard Book Number | 9780198083986 |
| Qualifying information | hardback |
| 100 ## - MAIN ENTRY--PERSONAL NAME | |
| Personal name | Sundaram, Ravi. |
| Numeration | |
| Titles and words associated with a name | |
| Dates associated with a name | |
| Relator term | |
| Fuller form of name | |
| 245 00 - TITLE STATEMENT | |
| Title | No limits : |
| Remainder of title | media studies from India / |
| Statement of responsibility, etc. | edited by Ravi Sundaram. |
| 264 #1 - PRODUCTION, PUBLICATION, DISTRIBUTION, MANUFACTURE, AND COPYRIGHT NOTICE | |
| Place of production, publication, distribution, manufacture | New Delhi : |
| Name of producer, publisher, distributor, manufacturer | Oxford University Press, |
| Date of production, publication, distribution, manufacture, or copyright notice | 2013 |
| 300 ## - PHYSICAL DESCRIPTION | |
| Extent | xv, 422 pages : |
| Other physical details | illustrations ; |
| Dimensions | 23 cm |
| 336 ## - CONTENT TYPE | |
| Content type term | text |
| Content type code | txt |
| Source | rdacontent |
| 337 ## - MEDIA TYPE | |
| Media type term | unmediated |
| Media type code | n |
| Source | rdamedia |
| 338 ## - CARRIER TYPE | |
| Carrier type term | volume |
| Carrier type code | nc |
| Source | rdacarrier |
| 504 ## - BIBLIOGRAPHY, ETC. NOTE | |
| Bibliography, etc. note | Includes bibliographical references and index |
| 505 ## - FORMATTED CONTENTS NOTE | |
| Formatted contents note | CONTENTS: Introduction: the horizon of media studies, Ravi Sundaram -- Mapping the terrain -- The 'bollywoodization' of the Indian cinema: cultural nationalism in a global arena -- Sensuous encounters: law, affect, and the media event -- The inner and outer worlds of emergent television cultures -- Circulation -- Mission, money, and machinery: Indian newspapers in the twentieth century -- Revisiting the pirate kingdom -- figures of transit -- Publics -- Creating cinema's reading publics: the emergence of film journalism in Bombay -- Notes on contemporary film experience: 'bollywood', genre diversity, and video circuits -- Whistling fans: reflections on the sociology, politics, and performativity of an excessively active audience -- Unimaginable communities: television, globalization, and national identities in postcolonial India -- The imagined reign of the iron lecturer: village broadcast in colonial India -- The 'terrorist' and the screen: afterimages of the batla house 'encounter' -- Production -- The evolution of an early media enterprise -- Democratizing Indian popular music: from cassette culture to the digital era -- Film stardom after liveness -- index. |
| Miscellaneous information | |
| Statement of responsibility | |
| Title | |
| 520 ## - SUMMARY, ETC. | |
| Summary, etc. | Media studies in India is a young and emergent field. Through interdisciplinary studies in the fields of film, television, music, print, and radio, No Limits addresses the issue of the contemporary in Indian media environment since its globalization in the 1980s. |
| 650 ## - SUBJECT ADDED ENTRY--TOPICAL TERM | |
| Topical term or geographic name entry element | Mass media and culture -- India. |
| Form subdivision | |
| General subdivision | |
| Chronological subdivision | |
| Geographic subdivision | |
| Source of heading or term | |
| Topical term or geographic name entry element | Mass media |
| Geographic subdivision | India |
| 700 1# - ADDED ENTRY--PERSONAL NAME | |
| Personal name | Sundaram, Ravi |
| 830 #0 - SERIES ADDED ENTRY--UNIFORM TITLE | |
| Uniform title | Oxford India studies in contemporary society |
| Withdrawn status | Lost status | Source of classification or shelving scheme | Damaged status | Not for loan | Collection code | Home library | Current library | Shelving location | Date acquired | Serial Enumeration / chronology | Inventory number | Total Checkouts | Full call number | Barcode | Date last seen | Price effective from | Koha item type |
|---|---|---|---|---|---|---|---|---|---|---|---|---|---|---|---|---|---|
| Dewey Decimal Classification | Main TEST | RTC Library | RTC Library | Main opac | 27/11/2018 | 10423 | 302.23 SUN | 30011325 | 12/01/2022 | 27/11/2018 | Main |